La nueva Europa

Gespeichert in:
Bibliographische Detailangaben
1. Verfasser: Newman, Bernard (autor)
Format: Buch
Sprache:Spanisch
Veröffentlicht: Ciudad de México Fondo de Cultura Económica 1944
Schriftenreihe:Sección de Obras de Ciencia Política
Schlagworte:
Tags: Tag hinzufügen
Keine Tags, Fügen Sie den ersten Tag hinzu!

MARC

LEADER 00000nam a2200000 a 4500
001 UCP9775
003 CL-VaPUC
008 000331e19440000MX |||||||||||||||||spa|d
082 0 4 |a 940.55  |b NEW  |2 21 
100 |a Newman, Bernard  |e autor  |9 440578 
245 1 3 |a La nueva Europa 
300 |a 524 p 
942 |c BK 
945 |d 20000331 00:00:00  |a rherrera 
260 |a Ciudad de México  |b Fondo de Cultura Económica  |c 1944 
650 0 |a Historia de Europa  |9 392003 
650 0 |a Segunda Guerra Mundial  |9 325982 
650 0 |a Posguerra  |9 372262 
651 7 |a POLONIA  |2 CL-VaPUC  |9 321936 
651 0 |a Rusia   |9 256106 
651 7 |a FINLANDIA  |2 CL-VaPUC  |9 268919 
651 0 |a Rumania  |9 314414 
651 0 |a Yugoslavia  |9 313912 
651 0 |a Bulgaria  |9 344270 
651 7 |a ALBANIA  |2 CL-VaPUC  |9 357833 
651 7 |a CHECOSLOVAQUIA  |2 CL-VaPUC  |9 440579 
651 7 |a HUNGRIA  |2 CL-VaPUC  |9 336650 
651 0 |a Francia  |9 255157 
651 0 |a Italia  |9 254949 
651 0 |a Alemania  |9 255688 
583 |a last modification  |c 20000331 00:00:00  |k Rodrigo Vera 
490 0 |a Sección de Obras de Ciencia Política 
999 |c 286560  |d 286558 
952 |0 0  |1 0  |4 0  |6 940_550000000000000_NEW_1944  |7 0  |8 X  |9 332559  |a BIBHIS  |b BIBHIS  |d 2019-11-20  |i 1261991  |o 940.55 NEW 1944  |p 1261991  |r 2024-01-30  |w 2019-11-20  |y BK_X  |k HIS